01178nam a2200265Ia 4500001001200000003000800012006001900020007001500039008004100054040002100095035002100116050002400137245018600161260004400347300001300391533015200404650003900556650002400595655002900619700002700648710007700675710001700752856012600769999001700895ebr10060461CaPaEBRm u cr cn|||||||||030820s2004 dcu s f000 0 eng d aCaPaEBRcCaPaEBR a(OCoLC)56025721214aR856.4b.P76 2004eb00aProceedings from the workshop on science-based assessmenth[electronic resource] :baccelerating product development of combination medical devices /cBonnie A. Scarborough, Editor. aWashington, D.C. :bThe Academy,c2004. ax, 38 p. aElectronic reproduction.bPalo Alto, Calif. :cebrary,d2009.nAvailable via World Wide Web.nAccess may be limited to ebrary affiliated libraries. 0aMedical instruments and apparatus. 0aMedicinexResearch. 7aElectronic books.2local1 aScarborough, Bonnie A.2 aNational Research Council (U.S.).bRoundtable on Biomedical Engineering.2 aebrary, Inc.40uhttp://site.ebrary.com/lib/rucke/Doc?id=10060461zAn electronic book accessible through the World Wide Web; click to view c45553d45553